Statistiques concernant Focus sur: Cadmus Peverell - Harry Potter

Cliquez ici pour prendre le quiz!

Statistiques générales

  • Ce quiz a été pris 51 fois
  • Le résultat moyen est 6 sur 6

Statistiques - réponses

Informations recherchéesRéponses% Correct
Statut du sangSang-Pur
100%
Première mentionHarry Potter et les Reliques de la Mort
95%
FrèreIgnotus Peverell
95%
FrèreAntioche Peverell
91%
ReliquePierre de résurrection
91%
ConteConte des trois frères
84%

Distribution des résultats

Percentile par nombre de réponses

% des personnes avec chaque résultat

Votre développement - résultats

Vous n’avez pas pris ce quiz